[Event "Penang op-B 14th"]
[Site "Penang"]
[Date "2022.12.24"]
[Round "9"]
[White "Teh, Yi Lynn"]
[Black "Kapoor, Tanush"]
[Result "1/2-1/2"]
[WhiteElo "1391"]
[BlackElo "1205"]
[PlyCount "50"]
[EventDate "2022.12.19"]
[EventType "swiss"]
[EventRounds "9"]
[EventCountry "MAS"]
[SourceTitle "EXT 2024"]
[Source "ChessBase"]
[SourceDate "2023.10.10"]
[SourceVersion "1"]
[SourceVersionDate "2023.10.10"]
[SourceQuality "1"]

1. d4 Nf6 2. c4 g6 3. g3 Bg7 4. Bg2 c5 5. d5 d6 6. Nc3 Nbd7 7. Nf3 Nb6 8. Nd2 Bd7 9. 0-0 0-0 10. Qc2 Qc8 11. a4 Bh3 12. b3 Bxg2 13. Kxg2 a6 14. Bb2 Re8 15. Nce4 Nxe4 16. Nxe4 Nd7 17. Bxg7 Kxg7 18. f4 Nf6 19. Qc3 Qf5 20. Nd2 Kg8 21. Rae1 Ne4 22. Nxe4 Qxe4+ 23. Qf3 Qxf3+ 24. Kxf3 Kg7 25. e4 e6 1/2-1/2

[Event "Eastern Asia-ch U16 Girls"]
[Site "Tornelo INT"]
[Date "2021.10.24"]
[Round "9"]
[White "Choksi, Khushi"]
[Black "Teh, Yi Lynn"]
[Result "1-0"]
[WhiteElo "1167"]
[BlackElo "1218"]
[PlyCount "53"]
[EventDate "2021.10.22"]
[EventType "swiss"]
[EventRounds "9"]
[EventCountry "NET"]
[SourceTitle "EXT 2023"]
[Source "ChessBase"]
[SourceDate "2022.10.05"]
[SourceVersion "1"]
[SourceVersionDate "2022.10.05"]
[SourceQuality "1"]

1. d4 d5 2. Nf3 Nf6 3. e3 e6 4. Bd3 Bd6 5. 0-0 0-0 6. Nbd2 c5 7. c3 Nc6 8. dxc5 Bxc5 9. e4 Qc7 10. Qc2 h6 11. exd5 Nxd5 12. Ne4 Be7 13. Re1 b6 14. Ng3 Bb7 15. Qe2 Rfd8 16. Nh5 g6 17. Bxg6 fxg6 18. Qxe6+ Kh8 19. Qxg6 Bf8 20. Bxh6 Bxh6 21. Qxh6+ Qh7 22. Qg5 Rg8 23. Qxd5 Nb4 24. Qd4+ Rg7 25. Nxg7 Qxg7 26. Qxg7+ Kxg7 27. Re7+ 1-0